000 00717nam a22002297a 4500
001 000709
003 DO-SdBNP
005 20180212093841.0
007 000709
008 161116b 1989 nyu a ||||| |||| 00| 0 spa d
020 _a0689713509
040 _aBPMSU
_bspa
_cBPMSU
082 _axxxx
_bxxxx
100 1 _aViorst, Judith
245 1 0 _aAlexander y el día terrible, horrible, espantoso, horroroso /
_cJudith Viorst ; ilustrado por Ray Cruz ; traducido por Alma Flor Ada.
260 _aNew York :
_bAtheneum,
_c1989.
300 _a[32] p. :
_bil. ;
_c20 cm.
700 1 _aCruz, Ray,
_eil.
942 _2ddc
_cBK
945 _ainventariado, 2018 / dg
956 _2LOPEREZ
_310
_620161116
_8BPMSU
_a00041
999 _c11975
_d11975